[Event "World Cup 2023"]
[Site "Baku, Azerbaijan"]
[Date "2023.08.02"]
[Round "11.19"]
[White "Berkes Ferenc (HUN)"]
[Black "Gelfand Boris (ISR)"]
[Result "1/2-1/2"]
[WhiteFideId "718572"]
[BlackFideId "2805677"]
[WhiteElo "2615"]
[BlackElo "2668"]

1. d4 {[%clk 01:30:58]} {[%emt 00:00:02]} Nf6 {[%clk 01:30:56]} {[%emt
00:00:05]} 2. c4 {[%clk 01:31:21]} {[%emt 00:00:07]} e6 {[%clk 01:31:21]}
{[%emt 00:00:05]} 3. Nc3 {[%clk 01:31:45]} {[%emt 00:00:04]} Bb4 {[%clk
01:31:39]} {[%emt 00:00:14]} 4. a3 {[%clk 01:32:08]} {[%emt 00:00:07]} Bxc3+
{[%clk 01:31:57]} {[%emt 00:00:11]} 5. bxc3 {[%clk 01:32:32]} {[%emt 00:00:08]}
b6 {[%clk 01:31:28]} {[%emt 00:00:58]} 6. f3 {[%clk 01:32:51]} {[%emt
00:00:10]} Nc6 {[%clk 01:31:44]} {[%emt 00:00:14]} 7. e4 {[%clk 01:33:07]}
{[%emt 00:00:14]} Na5 {[%clk 01:31:40]} {[%emt 00:00:34]} 8. Bg5 {[%clk
01:33:10]} {[%emt 00:00:28]} h6 {[%clk 01:28:36]} {[%emt 00:03:34]} 9. Bh4
{[%clk 01:33:32]} d6 {[%clk 01:28:36]} 10. Bd3 {[%clk 01:32:50]} {[%emt
00:01:23]} Qd7 {[%clk 01:23:20]} 11. f4 {[%clk 01:32:50]} Bb7 {[%clk 01:23:20]}
12. Qe2 {[%clk 01:25:57]} {[%emt 00:21:17]} O-O-O {[%clk 01:14:02]} 13. Nh3
{[%clk 01:24:33]} {[%emt 00:05:01]} Qc6 {[%clk 01:02:09]} 14. O-O {[%clk
00:55:09]} {[%emt 01:42:26]} Nxe4 {[%clk 00:59:07]} 15. Bxd8 {[%clk 00:51:55]}
{[%emt 00:07:18]} Kxd8 {[%clk 00:59:09]} 16. f5 {[%clk 00:47:58]} {[%emt
00:04:55]} exf5 {[%emt 00:03:52]} 17. Rxf5 {[%clk 00:34:51]} {[%emt 00:12:13]}
Re8 {[%clk 00:55:28]} {[%emt 00:02:12]} 18. Qg4 {[%clk 00:33:22]} {[%emt
00:01:59]} Bc8 {[%clk 00:47:45]} {[%emt 00:08:13]} 19. Raf1 {[%clk 00:31:17]}
{[%emt 00:02:35]} Nxc4 {[%clk 00:35:24]} {[%emt 00:12:52]} 20. Qxg7 {[%clk
00:06:01]} {[%emt 00:25:46]} Bxf5 {[%clk 00:32:50]} {[%emt 00:03:03]} 21. Rxf5
{[%clk 00:06:26]} {[%emt 00:00:06]} Ne3 {[%clk 00:30:36]} {[%emt 00:02:44]} 22.
Rxf7 {[%clk 00:06:47]} {[%emt 00:00:09]} Ng5 {[%clk 00:18:50]} {[%emt
00:12:16]} 23. d5 {[%clk 00:06:36]} {[%emt 00:00:40]} Qc5 {[%clk 00:15:13]}
{[%emt 00:04:07]} 24. Qf6+ {[%clk 00:03:30]} {[%emt 00:03:36]} Kc8 {[%clk
00:14:56]} {[%emt 00:00:47]} 25. Nxg5 {[%clk 00:02:40]} {[%emt 00:01:20]} Nf5+
{[%clk 00:03:50]} {[%emt 00:11:36]} 26. Kf1 {[%clk 00:03:05]} {[%emt 00:00:06]}
Ne3+ {[%clk 00:04:16]} {[%emt 00:00:03]} 27. Kg1 {[%clk 00:03:30]} {[%emt
00:00:04]} Nf5+ {[%clk 00:02:17]} {[%emt 00:02:31]} 28. Kf1 {[%clk 00:03:55]}
{[%emt 00:00:05]} Ne3+ {[%clk 00:02:39]} {[%emt 00:00:08]} 29. Kg1 {[%emt
00:00:56]} 1/2-1/2

[Event "World Cup 2023"]
[Site "Baku, Azerbaijan"]
[Date "2023.08.02"]
[Round "11.20"]
[White "Korobov Anton (UKR)"]
[Black "Iturrizaga Bonelli Eduardo (ESP)"]
[Result "1-0"]
[WhiteFideId "14105730"]
[BlackFideId "3901211"]
[WhiteElo "2667"]
[BlackElo "2617"]

1. d4 {[%clk 01:30:57]} {[%emt 00:00:02]} Nf6 {[%clk 01:30:42]} {[%emt
00:00:18]} 2. c4 {[%clk 01:31:20]} {[%emt 00:00:08]} c6 {[%clk 01:31:07]}
{[%emt 00:00:06]} 3. Nc3 {[%clk 01:30:54]} {[%emt 00:00:55]} d5 {[%clk
01:28:43]} {[%emt 00:02:55]} 4. e3 {[%clk 01:30:52]} {[%emt 00:00:32]} Bf5
{[%clk 01:29:07]} {[%emt 00:00:06]} 5. Nf3 {[%clk 01:31:14]} {[%emt 00:00:08]}
e6 {[%clk 01:29:31]} {[%emt 00:00:06]} 6. Nh4 {[%clk 01:31:33]} {[%emt
00:00:11]} Be4 {[%clk 01:29:40]} {[%emt 00:00:22]} 7. f3 {[%clk 01:31:39]}
{[%emt 00:00:23]} Bg6 {[%clk 01:30:04]} {[%emt 00:00:06]} 8. Bd2 {[%clk
01:31:07]} {[%emt 00:01:02]} Be7 {[%clk 01:30:13]} {[%emt 00:00:21]} 9. cxd5
{[%clk 01:29:19]} {[%emt 00:02:18]} cxd5 {[%clk 01:29:47]} {[%emt 00:00:56]} 10.
Nxg6 {[%clk 01:24:44]} {[%emt 00:05:06]} hxg6 {[%clk 01:30:04]} {[%emt
00:00:14]} 11. Bd3 {[%clk 01:25:09]} {[%emt 00:00:04]} Nc6 {[%clk 01:29:46]}
{[%emt 00:00:48]} 12. f4 {[%clk 01:23:29]} {[%emt 00:02:10]} a6 {[%clk
01:21:17]} {[%emt 00:08:59]} 13. Rc1 {[%clk 01:20:40]} {[%emt 00:03:19]} Rc8
{[%clk 01:15:01]} {[%emt 00:06:46]} 14. O-O {[%clk 01:17:18]} {[%emt 00:03:51]}
Nd7 {[%clk 01:09:28]} {[%emt 00:06:03]} 15. Na4 {[%clk 00:59:49]} {[%emt
00:18:00]} f5 {[%clk 00:37:22]} {[%emt 01:32:46]} 16. a3 {[%clk 00:54:57]}
{[%emt 00:05:23]} g5 {[%clk 00:34:04]} {[%emt 00:03:48]} 17. fxg5 {[%clk
00:51:55]} {[%emt 00:03:31]} g6 {[%clk 00:19:41]} {[%emt 00:14:52]} 18. b4
{[%clk 00:44:19]} {[%emt 00:08:07]} Bxg5 {[%clk 00:17:35]} {[%emt 00:02:36]} 19.
b5 {[%clk 00:43:11]} {[%emt 00:01:38]} axb5 {[%clk 00:17:54]} {[%emt 00:00:11]}
20. Bxb5 {[%clk 00:43:36]} {[%emt 00:00:04]} Be7 {[%clk 00:15:03]} {[%emt
00:03:21]} 21. h3 {[%clk 00:40:56]} {[%emt 00:03:10]} Bxa3 {[%clk 00:13:05]}
{[%emt 00:02:28]} 22. Rb1 {[%clk 00:40:52]} {[%emt 00:00:33]} Bd6 {[%clk
00:12:55]} {[%emt 00:00:40]} 23. Nc3 {[%clk 00:36:18]} {[%emt 00:05:04]} Nf6
{[%clk 00:09:38]} {[%emt 00:03:47]} 24. Bd3 {[%clk 00:34:55]} {[%emt 00:01:53]}
Rh7 {[%clk 00:08:30]} {[%emt 00:01:38]} 25. Nb5 {[%clk 00:28:11]} {[%emt
00:07:13]} Bb8 {[%clk 00:08:50]} {[%emt 00:00:11]} 26. Be1 {[%clk 00:25:28]}
{[%emt 00:03:12]} Qe7 {[%clk 00:06:56]} {[%emt 00:02:24]} 27. Rb2 {[%clk
00:23:05]} {[%emt 00:02:54]} g5 {[%clk 00:02:36]} {[%emt 00:04:51]} 28. Qb1
{[%clk 00:20:18]} {[%emt 00:03:17]} Rh6 {[%clk 00:01:46]} {[%emt 00:01:19]} 29.
Bxf5 {[%clk 00:19:04]} {[%emt 00:01:44]} exf5 {[%clk 00:02:11]} {[%emt
00:00:05]} 30. Qxf5 {[%clk 00:19:26]} {[%emt 00:00:08]} Nd7 {[%clk 00:00:49]}
{[%emt 00:01:53]} 31. Qxd5 {[%clk 00:18:58]} {[%emt 00:00:57]} Rf6 {[%clk
00:00:55]} {[%emt 00:00:24]} 32. Rxf6 {[%clk 00:15:28]} {[%emt 00:04:00]} Nxf6
{[%clk 00:01:01]} {[%emt 00:00:24]} 33. Qxg5 {[%clk 00:15:35]} {[%emt
00:00:23]} Nd8 {[%clk 00:01:10]} {[%emt 00:00:21]} 34. Rf2 {[%clk 00:12:31]}
{[%emt 00:03:35]} Rc6 {[%clk 00:00:52]} {[%emt 00:00:47]} 35. Nc3 {[%clk
00:08:29]} {[%emt 00:04:32]} Nf7 {[%clk 00:01:04]} {[%emt 00:00:18]} 36. Qb5
{[%clk 00:08:20]} {[%emt 00:00:39]} Nd6 {[%clk 00:00:32]} {[%emt 00:01:03]} 37.
Qg5 {[%clk 00:05:28]} {[%emt 00:03:21]} Nf7 {[%clk 00:01:00]} {[%emt 00:00:02]}
38. Qb5 {[%clk 00:05:54]} {[%emt 00:00:05]} Kf8 {[%clk 00:00:55]} {[%emt
00:00:35]} 39. Rf3 {[%clk 00:05:28]} {[%emt 00:00:55]} Ra6 {[%clk 00:00:42]}
{[%emt 00:00:44]} 40. Na4 {[%clk 00:02:48]} {[%emt 00:03:10]} Nd6 {[%clk
00:00:35]} {[%emt 00:00:36]} 41. Qe5 {[%clk 00:25:15]} {[%emt 00:08:03]} Nde8
{[%clk 00:23:55]} {[%emt 00:07:10]} 42. Qxb8 {[%clk 00:23:20]} {[%emt
00:02:25]} Rxa4 {[%clk 00:24:19]} {[%emt 00:00:07]} 43. Bg3 {[%clk 00:23:31]}
{[%emt 00:00:18]} Ra6 {[%clk 00:20:04]} {[%emt 00:04:45]} 44. Be5 {[%clk
00:22:31]} {[%emt 00:01:30]} Kf7 {[%clk 00:20:16]} {[%emt 00:00:17]} 45. Qc8
{[%clk 00:20:40]} {[%emt 00:02:20]} Re6 {[%clk 00:15:07]} {[%emt 00:05:40]} 46.
Qc2 {[%clk 00:19:22]} {[%emt 00:01:48]} Ng7 {[%clk 00:13:06]} {[%emt 00:02:31]}
47. Qb3 {[%clk 00:17:34]} {[%emt 00:02:18]} Kg6 {[%clk 00:09:58]} {[%emt
00:03:37]} 48. Qb1+ {[%clk 00:17:05]} {[%emt 00:01:00]} Kf7 {[%clk 00:08:49]}
{[%emt 00:01:38]} 49. Rf2 {[%clk 00:14:44]} {[%emt 00:02:50]} b6 {[%clk
00:07:39]} {[%emt 00:01:41]} 50. Rb2 {[%clk 00:11:04]} {[%emt 00:04:08]} Nd7
{[%clk 00:05:52]} {[%emt 00:02:18]} 51. Qh7 {[%clk 00:10:30]} {[%emt 00:01:04]}
Nxe5 {[%clk 00:06:10]} {[%emt 00:00:13]} 52. dxe5 {[%clk 00:10:57]} {[%emt
00:00:03]} Qg5 {[%clk 00:01:58]} {[%emt 00:04:41]} 53. Rf2+ {[%clk 00:10:33]}
{[%emt 00:00:54]} Ke7 {[%clk 00:02:27]} {[%emt 00:00:02]} 54. Qg8 {[%clk
00:10:10]} {[%emt 00:00:53]} Qxe5 {[%clk 00:02:23]} {[%emt 00:00:34]} 55. Rf7+
{[%clk 00:09:25]} {[%emt 00:01:14]} Kd6 {[%clk 00:02:52]} {[%emt 00:00:02]} 56.
Rxg7 {[%clk 00:09:13]} {[%emt 00:00:42]} Qxe3+ {[%clk 00:03:15]} {[%emt
00:00:07]} 57. Kh2 {[%clk 00:09:40]} {[%emt 00:00:02]} Qe5+ {[%clk 00:02:40]}
{[%emt 00:01:05]} 58. Rg3 {[%clk 00:09:53]} {[%emt 00:00:17]} b5 {[%clk
00:02:56]} {[%emt 00:00:14]} 59. h4 {[%clk 00:09:04]} {[%emt 00:01:20]} b4
{[%clk 00:03:13]} {[%emt 00:00:13]} 60. Qc8 {[%clk 00:08:16]} {[%emt 00:01:17]}
Kd5 {[%clk 00:02:43]} {[%emt 00:01:00]} 61. Qc2 {[%clk 00:07:53]} {[%emt
00:00:54]} Rc6 {[%clk 00:02:24]} {[%emt 00:00:49]} 62. Qd2+ {[%clk 00:07:14]}
{[%emt 00:01:09]} Kc5 {[%clk 00:01:55]} {[%emt 00:00:59]} 63. Kh3 {[%clk
00:07:42]} {[%emt 00:00:02]} Qe6+ {[%clk 00:00:55]} {[%emt 00:01:30]} 64. Rg4
{[%clk 00:07:55]} {[%emt 00:00:17]} Rb6 {[%clk 00:01:13]} {[%emt 00:00:12]} 65.
Qf2+ {[%clk 00:02:31]} {[%emt 00:05:54]} Kc6 {[%clk 00:01:23]} {[%emt
00:00:18]} 66. Qf3+ {[%clk 00:02:49]} {[%emt 00:00:14]} Kc5 {[%clk 00:00:47]}
{[%emt 00:01:06]} 67. Kh2 {[%clk 00:03:12]} {[%emt 00:00:06]} Qe5+ {[%clk
00:00:32]} {[%emt 00:00:46]} 68. g3 {[%clk 00:03:16]} {[%emt 00:00:25]} Rf6
{[%clk 00:01:01]} {[%emt 00:00:01]} 69. Qd3 {[%clk 00:03:19]} {[%emt 00:00:27]}
Rf2+ {[%emt 00:01:01]} 1-0

[Event "World Cup 2023"]
[Site "Baku, Azerbaijan"]
[Date "2023.08.02"]
[Round "11.21"]
[White "Henriquez Villagra Cristobal (CHI)"]
[Black "Ivanchuk Vasyl (UKR)"]
[Result "1/2-1/2"]
[WhiteFideId "3409350"]
[BlackFideId "14100010"]
[WhiteElo "2618"]
[BlackElo "2667"]

1. d4 {[%clk 01:30:57]} {[%emt 00:00:01]} Nf6 {[%clk 01:30:50]} {[%emt
00:00:10]} 2. Bf4 {[%clk 01:31:17]} {[%emt 00:00:11]} b6 {[%clk 01:30:02]}
{[%emt 00:01:17]} 3. e3 {[%clk 01:27:09]} {[%emt 00:04:38]} Bb7 {[%clk
01:29:33]} {[%emt 00:00:59]} 4. Nf3 {[%clk 01:21:20]} {[%emt 00:06:19]} g6
{[%clk 01:28:52]} {[%emt 00:01:12]} 5. h3 {[%clk 01:20:55]} {[%emt 00:00:55]}
Bg7 {[%clk 01:29:13]} {[%emt 00:00:09]} 6. Be2 {[%clk 01:19:34]} {[%emt
00:01:50]} O-O {[%clk 01:29:23]} {[%emt 00:00:21]} 7. O-O {[%clk 01:19:54]}
{[%emt 00:00:09]} d6 {[%clk 01:29:49]} {[%emt 00:00:05]} 8. Bh2 {[%clk
01:16:13]} {[%emt 00:04:11]} Nbd7 {[%clk 01:28:57]} {[%emt 00:01:22]} 9. a4
{[%clk 01:12:25]} {[%emt 00:04:17]} a6 {[%clk 01:24:25]} {[%emt 00:05:02]} 10.
c3 {[%clk 01:06:52]} {[%emt 00:06:04]} c5 {[%clk 01:18:26]} {[%emt 00:06:30]}
11. Nbd2 {[%clk 01:05:29]} {[%emt 00:01:52]} Ra7 {[%clk 01:18:51]} {[%emt
00:00:05]} 12. Re1 {[%clk 00:57:21]} {[%emt 00:08:38]} Qa8 {[%clk 01:18:36]}
{[%emt 00:00:45]} 13. Bf1 {[%clk 00:57:19]} {[%emt 00:00:31]} Rb8 {[%clk
01:09:30]} {[%emt 00:09:36]} 14. c4 {[%clk 00:51:12]} {[%emt 01:06:49]} Ne4
{[%clk 01:05:38]} {[%emt 00:04:22]} 15. d5 {[%clk 00:43:48]} {[%emt 00:07:54]}
Nxd2 {[%clk 01:05:24]} {[%emt 00:00:44]} 16. Qxd2 {[%clk 00:43:59]} {[%emt
00:00:19]} b5 {[%clk 01:05:20]} {[%emt 00:00:34]} 17. a5 {[%clk 00:42:53]}
{[%emt 00:01:35]} Bc8 {[%clk 01:01:18]} {[%emt 00:04:32]} 18. e4 {[%clk
00:38:47]} {[%emt 00:04:37]} bxc4 {[%clk 00:57:18]} {[%emt 00:04:30]} 19. e5
{[%clk 00:38:25]} {[%emt 00:00:52]} Nxe5 {[%clk 00:57:40]} {[%emt 00:00:08]} 20.
Nxe5 {[%clk 00:38:39]} {[%emt 00:00:15]} dxe5 {[%clk 00:58:07]} {[%emt
00:00:03]} 21. Bxe5 {[%clk 00:37:55]} {[%emt 00:01:15]} Rb4 {[%clk 00:54:43]}
{[%emt 00:03:54]} 22. Bc3 {[%clk 00:29:08]} {[%emt 00:09:16]} Qb8 {[%clk
00:54:54]} {[%emt 00:00:18]} 23. d6 {[%clk 00:26:09]} {[%emt 00:03:31]} Bxc3
{[%clk 00:45:46]} {[%emt 00:09:38]} 24. bxc3 {[%clk 00:26:28]} {[%emt
00:00:10]} Rb2 {[%clk 00:46:14]} {[%emt 00:00:02]} 25. dxe7 {[%clk 00:17:42]}
{[%emt 00:09:16]} Rxd2 {[%clk 00:46:35]} {[%emt 00:00:09]} 26. e8=Q+ {[%clk
00:18:07]} {[%emt 00:00:04]} Kg7 {[%clk 00:47:01]} {[%emt 00:00:05]} 27. Rad1
{[%clk 00:17:19]} {[%emt 00:01:18]} Qd6 {[%clk 00:35:54]} {[%emt 00:11:36]} 28.
Rxd2 {[%clk 00:16:58]} {[%emt 00:00:52]} Qxd2 {[%clk 00:36:24]} 29. Re2 {[%clk
00:17:15]} {[%emt 00:00:12]} Qd7 {[%clk 00:35:52]} {[%emt 00:01:01]} 30. Qe5+
{[%clk 00:17:40]} {[%emt 00:00:05]} f6 {[%clk 00:33:15]} {[%emt 00:03:08]} 31.
Qxc5 {[%clk 00:17:53]} {[%emt 00:00:17]} Rc7 {[%clk 00:33:43]} {[%emt
00:00:01]} 32. Qe3 {[%clk 00:17:45]} {[%emt 00:00:39]} Qb5 {[%clk 00:26:58]}
{[%emt 00:07:14]} 33. Qf4 {[%clk 00:14:54]} {[%emt 00:03:21]} Rf7 {[%clk
00:15:43]} {[%emt 00:11:45]} 34. Qd6 {[%clk 00:14:40]} {[%emt 00:00:45]} Bf5
{[%clk 00:15:36]} {[%emt 00:00:36]} 35. Re7 {[%clk 00:06:53]} {[%emt 00:08:18]}
Bd3 {[%clk 00:16:00]} {[%emt 00:00:06]} 36. Qe6 {[%clk 00:06:20]} {[%emt
00:01:03]} Rxe7 {[%clk 00:16:22]} {[%emt 00:00:08]} 37. Qxe7+ {[%clk 00:06:47]}
{[%emt 00:00:03]} Kg8 {[%clk 00:16:15]} {[%emt 00:00:37]} 38. Qe6+ {[%clk
00:07:08]} {[%emt 00:00:09]} Kg7 {[%clk 00:16:38]} {[%emt 00:00:07]} 39. Qe7+
{[%clk 00:06:46]} {[%emt 00:00:52]} Kg8 {[%clk 00:16:57]} {[%emt 00:00:11]} 40.
Qe6+ {[%clk 00:05:00]} {[%emt 00:02:16]} 1/2-1/2

[Event "World Cup 2023"]
[Site "Baku, Azerbaijan"]
[Date "2023.08.02"]
[Round "11.22"]
[White "Ponomariov Ruslan (UKR)"]
[Black "Kollars Dmitrij (GER)"]
[Result "1/2-1/2"]
[WhiteFideId "14103320"]
[BlackFideId "12909572"]
[WhiteElo "2664"]
[BlackElo "2618"]

1. Nf3 {[%clk 01:30:57]} {[%emt 00:00:02]} d5 {[%clk 01:30:21]} {[%emt
00:00:38]} 2. g3 {[%clk 01:31:16]} {[%emt 00:00:12]} g6 {[%clk 01:30:36]}
{[%emt 00:00:15]} 3. Bg2 {[%clk 01:31:08]} {[%emt 00:00:38]} Bg7 {[%clk
01:30:58]} {[%emt 00:00:09]} 4. d4 {[%clk 01:30:56]} {[%emt 00:00:41]} Nf6
{[%clk 01:31:10]} {[%emt 00:00:17]} 5. c4 {[%clk 01:29:32]} {[%emt 00:01:54]}
dxc4 {[%clk 01:30:54]} {[%emt 00:00:47]} 6. Na3 {[%clk 01:26:34]} {[%emt
00:03:28]} O-O {[%clk 01:28:49]} {[%emt 00:02:35]} 7. O-O {[%clk 01:24:23]}
{[%emt 00:02:41]} c5 {[%clk 01:29:01]} {[%emt 00:00:19]} 8. Nxc4 {[%clk
01:19:13]} {[%emt 00:05:40]} Be6 {[%clk 01:28:42]} {[%emt 00:00:49]} 9. Nfe5
{[%clk 01:11:59]} {[%emt 00:07:43]} Qc8 {[%clk 01:28:21]} {[%emt 00:00:51]} 10.
dxc5 {[%clk 01:07:45]} {[%emt 00:04:43]} Nfd7 {[%clk 01:28:19]} {[%emt
00:00:32]} 11. Nxd7 {[%clk 01:05:56]} {[%emt 00:02:21]} Nxd7 {[%clk 01:26:14]}
{[%emt 00:02:35]} 12. c6 {[%clk 01:06:00]} {[%emt 00:00:25]} bxc6 {[%clk
01:26:33]} {[%emt 00:00:12]} 13. Na5 {[%clk 00:53:46]} {[%emt 00:12:43]} Bd5
{[%clk 01:26:58]} {[%emt 00:00:06]} 14. Bxd5 {[%clk 00:48:26]} {[%emt
00:05:49]} cxd5 {[%clk 01:27:23]} {[%emt 00:00:05]} 15. Qxd5 {[%clk 00:48:46]}
{[%emt 00:00:09]} Nf6 {[%clk 01:27:49]} {[%emt 00:00:05]} 16. Qf3 {[%clk
00:48:50]} {[%emt 00:00:27]} Qe6 {[%clk 01:27:37]} {[%emt 00:00:41]} 17. Be3
{[%clk 00:38:40]} {[%emt 01:10:50]} Ng4 {[%clk 01:13:26]} {[%emt 00:14:42]} 18.
Bf4 {[%clk 00:36:14]} {[%emt 00:02:55]} Rac8 {[%clk 01:08:47]} {[%emt
00:05:09]} 19. Rac1 {[%clk 00:31:45]} {[%emt 00:04:59]} Bxb2 {[%clk 01:05:52]}
{[%emt 00:03:26]} 20. Rc6 {[%clk 00:31:26]} {[%emt 00:00:48]} Ne5 {[%clk
00:58:33]} {[%emt 00:07:51]} 21. Bxe5 {[%clk 00:31:14]} {[%emt 00:00:41]} Qxe5
{[%clk 00:58:58]} {[%emt 00:00:04]} 22. Rb1 {[%clk 00:24:25]} {[%emt 00:07:18]}
Qxa5 {[%clk 00:57:40]} {[%emt 00:01:48]} 23. Rxb2 {[%clk 00:24:49]} {[%emt
00:00:07]} Rxc6 {[%clk 00:55:25]} {[%emt 00:02:45]} 24. Qxc6 {[%clk 00:25:15]}
{[%emt 00:00:04]} Rd8 {[%clk 00:55:48]} {[%emt 00:00:07]} 25. Kg2 {[%clk
00:24:55]} {[%emt 00:00:50]} Qe5 {[%clk 00:53:50]} {[%emt 00:02:28]} 26. Rc2
{[%clk 00:24:12]} {[%emt 00:01:12]} Kg7 {[%clk 00:53:30]} {[%emt 00:00:51]} 27.
Qc3 {[%clk 00:20:06]} {[%emt 00:04:36]} Qxc3 {[%clk 00:53:32]} {[%emt
00:00:29]} 28. Rxc3 {[%clk 00:20:34]} {[%emt 00:00:02]} Rd2 {[%clk 00:53:56]}
{[%emt 00:00:05]} 29. Ra3 {[%clk 00:20:56]} {[%emt 00:00:08]} Rxe2 {[%clk
00:54:11]} {[%emt 00:00:15]} 30. Rxa7 {[%clk 00:21:22]} {[%emt 00:00:04]} e5
{[%clk 00:54:33]} {[%emt 00:00:07]} 31. Kf3 {[%clk 00:21:45]} {[%emt 00:00:08]}
1/2-1/2

[Event "World Cup 2023"]
[Site "Baku, Azerbaijan"]
[Date "2023.08.02"]
[Round "11.23"]
[White "Svane Frederik (GER)"]
[Black "Cheparinov Ivan (BUL)"]
[Result "1/2-1/2"]
[WhiteFideId "12923044"]
[BlackFideId "2905540"]
[WhiteElo "2618"]
[BlackElo "2663"]

1. e4 {[%clk 01:30:52]} {[%emt 00:00:07]} e5 {[%clk 01:30:56]} {[%emt
00:00:04]} 2. Nf3 {[%clk 01:31:16]} {[%emt 00:00:06]} Nf6 {[%clk 01:31:22]}
{[%emt 00:00:04]} 3. d4 {[%clk 01:29:47]} {[%emt 00:01:59]} Nxe4 {[%clk
01:31:46]} {[%emt 00:00:07]} 4. Bd3 {[%clk 01:30:13]} {[%emt 00:00:04]} d5
{[%clk 01:32:11]} {[%emt 00:00:05]} 5. Nxe5 {[%clk 01:30:35]} {[%emt 00:00:08]}
Nd7 {[%clk 01:32:36]} {[%emt 00:00:04]} 6. Nc3 {[%clk 01:28:11]} {[%emt
00:02:54]} Nxe5 {[%clk 01:32:16]} {[%emt 00:00:50]} 7. dxe5 {[%clk 01:28:18]}
{[%emt 00:00:24]} Bb4 {[%clk 01:32:41]} {[%emt 00:00:05]} 8. O-O {[%clk
01:26:53]} {[%emt 00:01:54]} Nxc3 {[%clk 01:33:05]} {[%emt 00:00:06]} 9. bxc3
{[%clk 01:27:19]} {[%emt 00:00:05]} Bxc3 {[%clk 01:33:30]} {[%emt 00:00:05]} 10.
Rb1 {[%clk 01:26:55]} {[%emt 00:00:53]} O-O {[%clk 01:33:54]} {[%emt 00:00:06]}
11. Bxh7+ {[%clk 01:26:16]} {[%emt 00:01:10]} Kxh7 {[%clk 01:34:19]} {[%emt
00:00:05]} 12. Qd3+ {[%clk 01:26:42]} {[%emt 00:00:05]} Kg8 {[%clk 01:34:42]}
{[%emt 00:00:06]} 13. Qxc3 {[%clk 01:27:06]} {[%emt 00:00:06]} a5 {[%clk
01:35:08]} {[%emt 00:00:04]} 14. Rd1 {[%clk 01:13:07]} {[%emt 00:14:29]} Ra6
{[%clk 01:35:24]} {[%emt 00:00:14]} 15. Rb5 {[%clk 01:04:11]} {[%emt 00:09:26]}
Rc6 {[%clk 01:35:45]} {[%emt 00:00:09]} 16. Qxa5 {[%clk 00:44:53]} {[%emt
00:19:49]} Rxc2 {[%clk 01:36:08]} {[%emt 00:00:06]} 17. Rbxd5 {[%clk 00:44:21]}
{[%emt 00:01:02]} Qh4 {[%clk 01:36:32]} {[%emt 00:00:05]} 18. R5d2 {[%clk
00:33:03]} {[%emt 00:11:48]} b6 {[%clk 01:32:33]} {[%emt 01:04:41]} 19. Qb5
{[%clk 00:31:50]} {[%emt 00:01:34]} Rxd2 {[%clk 01:05:34]} {[%emt 00:27:38]} 20.
Rxd2 {[%clk 00:32:13]} {[%emt 00:00:07]} Qe4 {[%clk 01:03:29]} {[%emt
00:02:35]} 21. Qe2 {[%clk 00:24:05]} {[%emt 00:08:38]} Qf5 {[%clk 00:57:20]}
{[%emt 00:06:38]} 22. a3 {[%clk 00:22:08]} {[%emt 00:02:28]} Be6 {[%clk
00:42:28]} {[%emt 00:15:22]} 23. Bb2 {[%clk 00:21:58]} {[%emt 00:00:40]} Ra8
{[%clk 00:40:32]} {[%emt 00:02:25]} 24. h3 {[%clk 00:19:48]} {[%emt 00:02:39]}
Ra4 {[%clk 00:31:08]} {[%emt 00:09:54]} 25. f3 {[%clk 00:15:55]} {[%emt
00:04:24]} Qg5 {[%clk 00:27:51]} {[%emt 00:03:46]} 26. Kf2 {[%clk 00:12:22]}
{[%emt 00:04:03]} Rc4 {[%clk 00:14:46]} {[%emt 00:13:35]} 27. Qe3 {[%clk
00:05:54]} {[%emt 00:06:58]} Qh4+ {[%clk 00:15:15]} {[%emt 00:00:02]} 28. Kf1
{[%clk 00:05:44]} {[%emt 00:00:35]} c5 {[%clk 00:14:42]} {[%emt 00:01:07]} 29.
Qe1 {[%clk 00:05:10]} {[%emt 00:01:01]} Qg5 {[%clk 00:11:21]} {[%emt 00:03:53]}
30. Qd1 {[%clk 00:05:24]} {[%emt 00:00:16]} b5 {[%clk 00:10:30]} {[%emt
00:01:23]} 31. g4 {[%clk 00:03:38]} {[%emt 00:02:15]} b4 {[%clk 00:08:29]}
{[%emt 00:02:32]} 32. axb4 {[%clk 00:03:57]} {[%emt 00:00:11]} cxb4 {[%clk
00:08:54]} {[%emt 00:00:04]} 33. Rd8+ {[%clk 00:03:46]} {[%emt 00:00:41]} Kh7
{[%clk 00:09:22]} {[%emt 00:00:02]} 34. Qd3+ {[%clk 00:03:59]} {[%emt
00:00:17]} Qg6 {[%clk 00:07:18]} {[%emt 00:02:35]} 35. Qxg6+ {[%clk 00:02:47]}
{[%emt 00:01:42]} Kxg6 {[%clk 00:07:46]} {[%emt 00:00:02]} 36. Rd4 {[%clk
00:02:35]} {[%emt 00:00:41]} Rxd4 {[%clk 00:05:50]} {[%emt 00:02:26]} 37. Bxd4
{[%clk 00:02:53]} {[%emt 00:00:12]} f5 {[%clk 00:02:32]} {[%emt 00:03:47]} 38.
exf6 {[%clk 00:01:44]} {[%emt 00:01:40]} gxf6 {[%clk 00:03:01]} 39. Kf2 {[%clk
00:01:20]} {[%emt 00:00:54]} f5 {[%clk 00:03:28]} {[%emt 00:00:03]} 40. Kg3
{[%clk 00:01:38]} {[%emt 00:00:11]} fxg4 {[%clk 00:02:54]} {[%emt 00:01:04]} 41.
hxg4 {[%clk 00:01:54]} {[%emt 00:00:13]} b3 {[%clk 00:00:52]} {[%emt 00:02:33]}
42. f4 {[%clk 00:01:08]} {[%emt 00:01:15]} Bd7 {[%clk 00:01:19]} {[%emt
00:00:03]} 43. f5+ {[%clk 00:01:24]} {[%emt 00:00:15]} Bxf5 {[%clk 00:01:45]}
{[%emt 00:00:03]} 44. gxf5+ {[%clk 00:01:49]} {[%emt 00:00:04]} Kxf5 {[%clk
00:02:13]} {[%emt 00:00:02]} 1/2-1/2